Normal view
MARC view
- Warungse Pratiksha
Entry Personal Name
001 - CONTROL NUMBER
- control field: 206663
003 - CONTROL NUMBER IDENTIFIER
- control field: OSt
005 - DATE AND TIME OF LATEST TRANSACTION
- control field: 20240603163828.0
008 - FIXED-LENGTH DATA ELEMENTS
- fixed length control field: 240603|| aca||aabn | a|a d
040 ## - CATALOGING SOURCE
- Original cataloging agency: OSt
- Transcribing agency: OSt
100 ## - HEADING--PERSONAL NAME
- Personal name: Warungse Pratiksha
670 ## - SOURCE DATA FOUND
- Source citation: Work cat.: (OSt)358066: Warungse Pratiksha, shared System Housing, 2024